[Event "5. Kaltern-Trophy 2022 Open B"]
[Site "Kaltern"]
[Date "2022.10.22"]
[Round "2"]
[Board "16"]
[White "Anrather, Eva"]
[Black "Galow, Michael"]
[Result "0-1"]
[WhiteElo "1498"]
[BlackElo "1746"]
[PlyCount "150"]
[EventDate "2022.10.21"]
[EventRounds "5"]
[EventCountry "ITA"]

1. e4 c6 2. Nc3 d5 3. exd5 cxd5 4. d4 Nc6 5. Nf3 Bg4 6. Be2 e6 7. a3 a6 8. h3 Bh5
9. O-O Bd6 10. Bg5 Qc7 11. Re1 Nge7 12. Na2 b5 13. c3 O-O 14. Nb4 a5 15. Nc2 b4 16.
axb4 axb4 17. Rxa8 Rxa8 18. Qd2 bxc3 19. bxc3 h6 20. Be3 Bg6 21. Bd3 Bxd3 22. Qxd3
Na5 23. Ra1 Rc8 24. Nce1 Nf5 25. Bd2 Nb3 26. Ra2 Bf8 27. Rc2 f6 28. g4 Nd6 29. Bf4
g5 30. Qg6+ Qg7 31. Qxg7+ Kxg7 32. Bxd6 Bxd6 33. Kg2 Kf7 34. h4 Ke7 35. h5 e5 36.
dxe5 fxe5 37. Nd2 Nxd2 38. Rxd2 Ke6 39. Rc2 Rc4 40. f3 Bc7 41. Ra2 Rxc3 42. Ra6+
Bd6 43. Ra8 d4 44. Rh8 d3 45. Rxh6+ Kd5 46. Nxd3 Rxd3 47. Rg6 Rd2+ 48. Kf1 Be7 49.
Rg7 Ke6 50. Rg6+ Bf6 51. Rg8 Rd8 52. Rg6 Kf7 53. Ke2 Rg8 54. Rxg8 Kxg8 55. Kd3 Kf7
56. Ke4 Ke6 57. h6 Bh8 58. h7 Bf6 59. Kd3 Kd5 60. Ke3 Bg7 61. Kd3 Ke6 62. Ke4 Bh8
63. Ke3 Kf6 64. Ke4 Kg6 65. Kd5 Kxh7 66. Ke6 Kg6 67. Ke7 Bf6+ 68. Ke6 Kg7 69. Kd7
Kf7 70. Kd6 Bg7 71. Kd7 Bf8 72. Kd8 Ke6 73. Ke8 Bb4 74. Kd8 Ba5+ 75. Ke8 Bd2  0-1

[Event "5. Kaltern-Trophy 2022 Open B"]
[Site "Kaltern"]
[Date "2022.10.22"]
[Round "2"]
[Board "17"]
[White "Aab, Manfred"]
[Black "Sodomaco, Andrea"]
[Result "0-1"]
[WhiteElo "1706"]
[BlackElo "1408"]
[PlyCount "70"]
[EventDate "2022.10.21"]
[EventRounds "5"]
[EventCountry "ITA"]

1. d4 d5 2. Nf3 Nf6 3. e3 Bf5 4. c4 c6 5. Nc3 e6 6. Be2 Bd6 7. O-O Nbd7 8. Nh4 Bg6
9. Nxg6 hxg6 10. h3 Ne4 11. Nxe4 dxe4 12. f4 f5 13. b3 Nf6 14. Bb2 Qe7 15. a3 Nh5
16. Qe1 g5 17. Bc1 gxf4 18. exf4 O-O-O 19. Be3 Kb8 20. b4 Rdg8 21. c5 Bc7 22. b5
cxb5 23. Bxb5 g5 24. fxg5 Bg3 25. Qd2 Qc7 26. Bf2 Bh2+ 27. Kh1 Ng3+ 28. Bxg3 Bxg3
29. a4 f4 30. Ra3 e3 31. Qe2 Rxg5 32. Rb3 Rh7 33. Ba6 Qc6 34. Rfb1 Rxh3+ 35. Kg1
Bf2+  0-1

[Event "5. Kaltern-Trophy 2022 Open B"]
[Site "Kaltern"]
[Date "2022.10.22"]
[Round "2"]
[Board "18"]
[White "Florian, Andreas"]
[Black "Cavallaro, Manlio"]
[Result "1-0"]
[WhiteElo "1678"]
[BlackElo "1292"]
[PlyCount "78"]
[EventDate "2022.10.21"]
[EventRounds "5"]
[EventCountry "ITA"]

1. d4 d5 2. Bf4 e6 3. e3 Nf6 4. Nf3 Nbd7 5. Bd3 c5 6. c3 c4 7. Bc2 b5 8. Nbd2 Bb7
9. h3 h6 10. O-O Qb6 11. a3 Bd6 12. Ne5 Qc7 13. Ndf3 g5 14. Bh2 Rg8 15. Nxd7 Bxh2+
16. Nxh2 Nxd7 17. Qh5 O-O-O 18. a4 f5 19. axb5 Nf6 20. Qf3 g4 21. hxg4 Nxg4 22. Nxg4
fxg4 23. Qg3 Qe7 24. Rxa7 h5 25. Rfa1 Qc7 26. Qxc7+ Kxc7 27. b3 cxb3 28. Bxb3 Kb6
29. c4 h4 30. c5+ Kc7 31. c6 Rb8 32. cxb7 Rxb7 33. Rxb7+ Kxb7 34. e4 dxe4 35. Bxe6
Rg5 36. d5 g3 37. Rd1 Kc7 38. b6+ Kd6 39. b7 Rg8  1-0

[Event "5. Kaltern-Trophy 2022 Open B"]
[Site "Kaltern"]
[Date "2022.10.22"]
[Round "2"]
[Board "19"]
[White "Kofler, Albin Ernst"]
[Black "Tomio, Dante"]
[Result "0-1"]
[WhiteElo "1498"]
[BlackElo "1678"]
[PlyCount "70"]
[EventDate "2022.10.21"]
[EventRounds "5"]
[EventCountry "ITA"]

1. Nf3 c5 2. g3 Nf6 3. Bg2 Nc6 4. c4 e6 5. Nc3 a6 6. O-O Qc7 7. b3 Be7 8. Bb2 b6
9. d4 cxd4 10. Nxd4 Bb7 11. Ne4 Nxe4 12. Bxe4 Bf6 13. Rb1 h5 14. Nf3 Bxb2 15. Rxb2
f5 16. Bxc6 Qxc6 17. Qd4 O-O-O 18. b4 g5 19. b5 axb5 20. cxb5 Qc5 21. Rb3 Qxd4 22.
Nxd4 h4 23. Nf3 hxg3 24. fxg3 g4 25. Ne5 Rh7 26. Nc4 Kb8 27. Nxb6 Rdh8 28. Rf2 Be4
29. a4 d5 30. e3 Rc7 31. Rbb2 Rc1+ 32. Rf1 Rc3 33. Re1 Rh7 34. a5 Ra3 35. Rc1 Rxa5
 0-1

[Event "5. Kaltern-Trophy 2022 Open B"]
[Site "Kaltern"]
[Date "2022.10.22"]
[Round "2"]
[Board "21"]
[White "Cebanu, Alice"]
[Black "Cescatti, Riccardo"]
[Result "1-0"]
[WhiteElo "1354"]
[BlackElo "1536"]
[PlyCount "111"]
[EventDate "2022.10.21"]
[EventRounds "5"]
[EventCountry "ITA"]

1. e4 d5 2. exd5 Nf6 3. Bb5+ Nbd7 4. c4 a6 5. Ba4 b5 6. cxb5 Nxd5 7. Nc3 Nb4 8. Qf3
Rb8 9. a3 axb5 10. axb4 bxa4 11. Rxa4 Ne5 12. Qe3 Nd3+ 13. Kd1 Be6 14. Ra3 Rxb4 15.
Na2 Bb3+ 16. Ke2 Bxa2 17. Rxd3 Bc4 18. Nf3 Bxd3+ 19. Qxd3 Qxd3+ 20. Kxd3 g6 21. Kc3
Re4 22. d4 Bg7 23. Be3 c5 24. Kd3 f5 25. dxc5 Bxb2 26. Rb1 Bf6 27. c6 Kd8 28. Nd4
Kc8 29. f3 Rh4 30. Ne6 Be5 31. Rb7 Bd6 32. Bb6 Rb4 33. Kc3 h6 34. g3 g5 35. Bd4 Rxb7
36. cxb7+ Kd7 37. Bxh8 Kxe6 38. Bg7 h5 39. Kc4 Kd7 40. Kd5 e6+ 41. Kd4 Kc7 42. Be5
Bxe5+ 43. Kxe5 g4 44. fxg4 fxg4 45. Kxe6 Kxb7 46. Kf5 Kc6 47. Kg5 Kd6 48. Kxh5 Ke6
49. Kxg4 Kf6 50. h4 Kg6 51. Kf4 Kh6 52. Kf5 Kh5 53. g4+ Kh6 54. Kf6 Kh7 55. g5 Kh8
56. Kf7  1-0

[Event "5. Kaltern-Trophy 2022 Open B"]
[Site "Kaltern"]
[Date "2022.10.22"]
[Round "2"]
[Board "22"]
[White "Ribechi, Federico"]
[Black "Saroldi, Giacomo"]
[Result "1/2-1/2"]
[WhiteElo "999"]
[BlackElo "1500"]
[PlyCount "122"]
[EventDate "2022.10.21"]
[EventRounds "5"]
[EventCountry "ITA"]

1. e4 c6 2. Nf3 d5 3. exd5 cxd5 4. d4 Nc6 5. Be2 Bg4 6. O-O Nf6 7. Bf4 e6 8. c3 Be7
9. Nbd2 O-O 10. Qc2 Bf5 11. Qa4 Ne4 12. Nxe4 Bxe4 13. Nd2 Bg6 14. b4 a6 15. Qd1 Na7
16. a4 Nc8 17. Nf3 Nd6 18. Bxd6 Bxd6 19. Bd3 Bxd3 20. Qxd3 h6 21. h4 Rc8 22. g3 Qc7
23. Rac1 Qd7 24. a5 Rc7 25. Rc2 Rfc8 26. Rfc1 Qa4 27. Ne1 Qe8 28. Kg2 Be7 29. Qd2
Bf6 30. Nd3 Be7 31. Nc5 Bxc5 32. dxc5 Qc6 33. Kh2 Rd7 34. Rd1 Rcd8 35. Qe3 Re8 36.
Rcd2 Rde7 37. Rd4 Kh8 38. Qf3 Qc7 39. h5 Qe5 40. Kg2 f5 41. R1d2 Qf6 42. Qe2 Qg5
43. c6 bxc6 44. Qxa6 Rc7 45. Qb6 Rcc8 46. Qc5 e5 47. f4 exf4 48. Rxf4 Re7 49. Rdf2
Rf7 50. a6 g6 51. hxg6 Qxg6 52. b5 Rg8 53. R2f3 cxb5 54. Qd4+ Rgg7 55. Qxd5 Qxa6
56. Rxf5 Rxf5 57. Qxf5 Qa2+ 58. Rf2 Qa8+ 59. Kh2 Qb8 60. Qh3 Qd6 61. Qc8+ Kh7  1/2-1/2

[Event "5. Kaltern-Trophy 2022 Open B"]
[Site "Kaltern"]
[Date "2022.10.22"]
[Round "2"]
[Board "23"]
[White "Giusti, Francesco"]
[Black "Sartori, Stefano"]
[Result "1-0"]
[WhiteElo "1499"]
[BlackElo "1229"]
[PlyCount "65"]
[EventDate "2022.10.21"]
[EventRounds "5"]
[EventCountry "ITA"]

1. e4 e6 2. d4 d5 3. e5 c5 4. dxc5 Bxc5 5. Nf3 Nc6 6. Be2 Qb6 7. O-O Nge7 8. a3 Ng6
9. b4 Bd4 10. Nxd4 Nxd4 11. Bb2 Nxe2+ 12. Qxe2 Bd7 13. Qf3 O-O 14. Rd1 Bc6 15. Bd4
Qc7 16. Qc3 Rac8 17. a4 Qd7 18. Qb3 b6 19. Nc3 Ne7 20. Ne2 Nf5 21. Bb2 b5 22. a5
a6 23. Nd4 Nxd4 24. Bxd4 Qd8 25. Rd3 Bd7 26. Re1 Rc6 27. c3 Qg5 28. Ree3 Rc4 29.
Qd1 Rfc8 30. Rg3 Qf4 31. Rg4 Qh6 32. Rh3 Rxd4 33. Rxd4  1-0

[Event "5. Kaltern-Trophy 2022 Open B"]
[Site "Kaltern"]
[Date "2022.10.22"]
[Round "3"]
[Board "1"]
[White "Lantschner, Carmen"]
[Black "Kuespert, Erwin"]
[Result "1-0"]
[WhiteElo "1673"]
[BlackElo "1778"]
[PlyCount "71"]
[EventDate "2022.10.21"]
[EventRounds "5"]
[EventCountry "ITA"]

1. e4 g6 2. d4 Bg7 3. Nc3 d6 4. Be3 c6 5. Nf3 Bg4 6. h3 Bc8 7. Qd2 b5 8. a3 Qa5 9.
Be2 Bb7 10. O-O e6 11. a4 b4 12. Na2 Ba6 13. c3 bxc3 14. Nxc3 Ne7 15. Rfb1 Bxe2 16.
b4 Qc7 17. Nxe2 Nd7 18. Bh6 O-O 19. Bxg7 Kxg7 20. Qg5 f6 21. Qe3 a6 22. Nf4 Kf7 23.
Qb3 d5 24. e5 h6 25. Re1 f5 26. Qe3 g5 27. Nh5 f4 28. Qd3 Ng6 29. g3 Rh8 30. Kh1
Qd8 31. gxf4 gxf4 32. Rg1 Ndf8 33. Rg4 Rg8 34. Rag1 Qe7 35. Nxf4 Nxf4 36. Rxf4+  1-0

[Event "5. Kaltern-Trophy 2022 Open B"]
[Site "Kaltern"]
[Date "2022.10.22"]
[Round "3"]
[Board "2"]
[White "Budai, Federico"]
[Black "Ciani, Davide"]
[Result "1/2-1/2"]
[WhiteElo "1666"]
[BlackElo "1730"]
[PlyCount "48"]
[EventDate "2022.10.21"]
[EventRounds "5"]
[EventCountry "ITA"]

1. e4 e5 2. Nf3 Nc6 3. Bc4 Bc5 4. c3 Nf6 5. d3 a6 6. Bb3 d6 7. h3 h6 8. O-O O-O 9.
Re1 Ba7 10. a3 Ne7 11. Nbd2 Ng6 12. Nf1 c6 13. Ng3 Qc7 14. d4 b5 15. Bc2 c5 16. d5
Bd7 17. Bd2 Qc8 18. Qe2 c4 19. Qf1 Bc5 20. Kh2 Qd8 21. Ng1 Nh4 22. Re2 Qb6 23. Ree1
Qd8 24. Nf3 Ng6  1/2-1/2

[Event "5. Kaltern-Trophy 2022 Open B"]
[Site "Kaltern"]
[Date "2022.10.22"]
[Round "3"]
[Board "3"]
[White "Casadio, Lorenzo"]
[Black "Galise, Francesco"]
[Result "1-0"]
[WhiteElo "1795"]
[BlackElo "1520"]
[PlyCount "121"]
[EventDate "2022.10.21"]
[EventRounds "5"]
[EventCountry "ITA"]

1. d4 d5 2. Bf4 Nf6 3. e3 a6 4. Nf3 Bg4 5. c4 Nc6 6. Nbd2 Bxf3 7. Qxf3 e6 8. c5 Be7
9. Bd3 O-O 10. Rc1 Rc8 11. O-O Nb4 12. Bb1 Re8 13. Qe2 Nd7 14. Nf3 Bf6 15. Rfd1 Nf8
16. Qd2 Nc6 17. b4 b6 18. Bd3 b5 19. a4 Na7 20. c6 Be7 21. Qc3 Bd6 22. Bxd6 Qxd6
23. Qc5 Qxc5 24. Rxc5 Rb8 25. Ra1 Rb6 26. axb5 Reb8 27. Rxa6 Rxa6 28. bxa6 Rxb4 29.
Ne5 f6 30. Nd7 Ng6 31. Kf1 Kf7 32. Rc3 Kg8 33. Ke2 Ne7 34. Nc5 Kf7 35. Rb3 Rxb3 36.
Nxb3 h6 37. Kd2 Nexc6 38. Kc3 Ke7 39. h4 Kd6 40. g3 Ke7 41. Be2 Kd6 42. Bf3 Ke7 43.
Be2 Kd6 44. Nc5 e5 45. Nb7+ Ke7 46. Nc5 Kd6 47. f4 e4 48. f5 Nd8 49. Kb4 Kc6 50.
Ka5 Kd6 51. Bb5 Ke7 52. Bd7 Kf7 53. Nb7 Ke7 54. Nc5 Kf7 55. Kb4 g6 56. Nb7 Ndc6+
57. Kc5 Nb8 58. Be6+ Kg7 59. Kxd5 gxf5 60. Bxf5 Nxa6 61. Kxe4  1-0

[Event "5. Kaltern-Trophy 2022 Open B"]
[Site "Kaltern"]
[Date "2022.10.22"]
[Round "3"]
[Board "4"]
[White "Wurzer, Gerhard"]
[Black "Morganti, Lionello"]
[Result "1-0"]
[WhiteElo "1898"]
[BlackElo "1594"]
[PlyCount "137"]
[EventDate "2022.10.21"]
[EventRounds "5"]
[EventCountry "ITA"]

1. c3 d5 2. Qc2 Nf6 3. d3 b6 4. e4 dxe4 5. dxe4 e5 6. Nf3 Bd6 7. Be2 Bb7 8. Nbd2
O-O 9. O-O Nbd7 10. Ne1 Qe7 11. f3 Bc5+ 12. Kh1 Rfd8 13. Nc4 Ba6 14. Qa4 Bb7 15.
b4 Bd6 16. Nxd6 Qxd6 17. Be3 a5 18. Qb3 h6 19. Nd3 Qe7 20. Rfd1 Ne8 21. Nb2 Ba6 22.
b5 Bb7 23. Na4 Ndf6 24. c4 Bc8 25. c5 Be6 26. Qc3 bxc5 27. Bxc5 Nd6 28. Qxe5 Nfe8
29. Qc3 Qh4 30. Qe3 Nb7 31. g3 Qh5 32. f4 Bg4 33. Bxg4 Qxg4 34. Re1 Rd7 35. Qe2 Qh3
36. Be3 Rad8 37. e5 Rd3 38. Rad1 Rxd1 39. Rxd1 Rxd1+ 40. Qxd1 Qe6 41. Qb3 Qg4 42.
Kg2 Qe2+ 43. Bf2 Qe4+ 44. Kg1 g6 45. Nc3 Qd3 46. Nd5 Qe2 47. a4 Nd8 48. Ne3 Ne6 49.
Qc2 Qf3 50. Qc6 Qxc6 51. bxc6 Nd4 52. Nc4 Nxc6 53. Be1 Ng7 54. Nxa5 Nxa5 55. Bxa5
Ne6 56. Bb4 c5 57. Ba3 Kf8 58. a5 Ke8 59. a6 c4 60. a7 Nc7 61. Kf2 Kd7 62. Bd6 Na8
63. Ke3 Kc6 64. Kd4 Kb5 65. g4 Nb6 66. f5 gxf5 67. gxf5 Kc6 68. Bc5 c3 69. Bxb6  1-0

[Event "5. Kaltern-Trophy 2022 Open B"]
[Site "Kaltern"]
[Date "2022.10.22"]
[Round "3"]
[Board "5"]
[White "Comisso, Daniele"]
[Black "Budai, Leonardo"]
[Result "0-1"]
[WhiteElo "1475"]
[BlackElo "1748"]
[PlyCount "120"]
[EventDate "2022.10.21"]
[EventRounds "5"]
[EventCountry "ITA"]

1. e4 e5 2. Nf3 Nc6 3. Bc4 Bc5 4. O-O Nf6 5. Nc3 d6 6. h3 O-O 7. d3 h6 8. Be3 Bb6
9. Nd5 Be6 10. Nxf6+ Qxf6 11. Bb3 Rad8 12. Bxb6 axb6 13. c4 Ne7 14. Qe2 Ng6 15. Qe3
Nf4 16. Kh2 Qg6 17. Ne1 Qh5 18. Bd1 Qg5 19. Qg3 Qxg3+ 20. fxg3 Ng6 21. b4 c6 22.
Bb3 Ne7 23. Nf3 f6 24. d4 c5 25. bxc5 bxc5 26. d5 Bd7 27. a4 Ra8 28. Nd2 Ra7 29.
Nb1 b5 30. Nc3 bxa4 31. Ra2 Rb8 32. Rb1 Rab7 33. Bc2 Rxb1 34. Nxb1 Rb4 35. Na3 Nc8
36. Nb5 Bxb5 37. cxb5 Nb6 38. g4 Rxb5 39. Bxa4 Nxa4 40. Rxa4 Rb4 41. Ra7 Rxe4 42.
Rd7 Rd4 43. Rxd6 Rd3 44. Kg1 Rd2 45. Kh2 Kf7 46. Kg3 Ke7 47. Rc6 Rxd5 48. Rc7+ Kf8
49. Kf3 Kg8 50. h4 Kh7 51. h5 Rd3+ 52. Kf2 Rc3 53. Rc8 c4 54. Rc7 Rc2+ 55. Kf3 c3
56. Kg3 Rc1 57. Kf2 c2 58. Kg3 e4 59. Kf2 Kg8 60. g3 Rh1  0-1

[Event "5. Kaltern-Trophy 2022 Open B"]
[Site "Kaltern"]
[Date "2022.10.22"]
[Round "3"]
[Board "6"]
[White "Lehner-Dittenberger, Sebastian"]
[Black "Danti, Alessandro"]
[Result "1-0"]
[WhiteElo "1720"]
[BlackElo "1534"]
[PlyCount "103"]
[EventDate "2022.10.21"]
[EventRounds "5"]
[EventCountry "ITA"]

1. e4 e6 2. Nf3 d5 3. exd5 exd5 4. d4 Bg4 5. Be2 Bd6 6. Nc3 c6 7. O-O Ne7 8. Re1
O-O 9. Bg5 f6 10. Bh4 Nf5 11. Bg3 Nxg3 12. hxg3 Nd7 13. Nh4 Be6 14. Kh2 g6 15. Rh1
f5 16. Kg1 Qf6 17. Qd2 f4 18. g4 g5 19. Nf5 Bxf5 20. gxf5 Qxf5 21. Bd3 Qg4 22. f3
Qe6 23. Re1 Qf6 24. Bxh7+ Kg7 25. Qd3 Rae8 26. Rxe8 Rxe8 27. Kf2 Rh8 28. Ne2 c5 29.
Rh3 c4 30. Qf5 Qxf5 31. Bxf5 Rxh3 32. Bxh3 Nf6 33. Be6 Kf8 34. Nc3 Ke7 35. Bxd5 Nxd5
36. Nxd5+ Ke6 37. Nc3 a6 38. Ne4 Be7 39. g3 b5 40. gxf4 gxf4 41. c3 a5 42. Kg2 Kf5
43. Kh3 b4 44. d5 Ke5 45. d6 Bxd6 46. Nxd6 Kxd6 47. Kg4 Ke5 48. a3 bxa3 49. bxa3
a4 50. Kg5 Ke6 51. Kxf4 Kf6 52. Ke4  1-0

[Event "5. Kaltern-Trophy 2022 Open B"]
[Site "Kaltern"]
[Date "2022.10.22"]
[Round "3"]
[Board "7"]
[White "Taufer, Livio"]
[Black "Wenski, Wolfgang"]
[Result "0-1"]
[WhiteElo "1534"]
[BlackElo "1720"]
[PlyCount "52"]
[EventDate "2022.10.21"]
[EventRounds "5"]
[EventCountry "ITA"]

1. e4 e5 2. Nf3 Nc6 3. d4 exd4 4. Bc4 Nf6 5. e5 d5 6. Bb5 Nd7 7. O-O Be7 8. Bxc6
bxc6 9. Qxd4 O-O 10. Bf4 Nb6 11. Nbd2 Be6 12. Nb3 h6 13. Nc5 Qe8 14. Qc3 Bxc5 15.
Qxc5 a5 16. Nd4 Bd7 17. b3 Nc8 18. Rfe1 Qe7 19. Qxe7 Nxe7 20. e6 fxe6 21. Bxc7 Rf6
22. Bd6 Ng6 23. Re2 Rc8 24. Rae1 Kf7 25. g3 c5 26. Nf3 Rxf3  0-1

[Event "5. Kaltern-Trophy 2022 Open B"]
[Site "Kaltern"]
[Date "2022.10.22"]
[Round "3"]
[Board "8"]
[White "Predan, Luca"]
[Black "Huchler, Stefan"]
[Result "1-0"]
[WhiteElo "1708"]
[BlackElo "1539"]
[PlyCount "69"]
[EventDate "2022.10.21"]
[EventRounds "5"]
[EventCountry "ITA"]

1. c4 Nf6 2. Nc3 d5 3. cxd5 Nxd5 4. g3 Nc6 5. Bg2 e6 6. e3 Be7 7. Nge2 O-O 8. O-O
Nf6 9. d4 a6 10. a3 Bd6 11. b4 e5 12. d5 Ne7 13. e4 h6 14. Qc2 Bd7 15. f4 exf4 16.
gxf4 c6 17. e5 Qb6+ 18. Kh1 Ng4 19. exd6 Nf2+ 20. Rxf2 Qxf2 21. dxe7 Rfe8 22. d6
Qe1+ 23. Ng1 a5 24. Bb2 Qe6 25. Bh3 Qxd6 26. Rd1 Qxe7 27. Rxd7 Qh4 28. Qf5 Rf8 29.
Ne4 axb4 30. axb4 Ra2 31. Bxg7 Kxg7 32. Qe5+ Kg8 33. Nf6+ Kg7 34. Ne8+ Kg6 35. Qf5#
 1-0

[Event "5. Kaltern-Trophy 2022 Open B"]
[Site "Kaltern"]
[Date "2022.10.22"]
[Round "3"]
[Board "9"]
[White "Casisa, Davide"]
[Black "Posch, Thomas"]
[Result "1/2-1/2"]
[WhiteElo "1443"]
[BlackElo "1850"]
[PlyCount "87"]
[EventDate "2022.10.21"]
[EventRounds "5"]
[EventCountry "ITA"]

1. d4 g6 2. e4 Bg7 3. Nf3 d6 4. c3 b6 5. Qb3 Nc6 6. d5 Na5 7. Qc2 Nf6 8. b4 Nb7 9.
a3 O-O 10. Bd3 a5 11. O-O Bd7 12. Bf4 b5 13. c4 Rc8 14. Nbd2 c5 15. e5 dxe5 16. Nxe5
bxc4 17. Bxc4 Bf5 18. Qb3 Qb6 19. Nc6 Rfe8 20. bxa5 Qxb3 21. Nxb3 Ra8 22. Rfe1 Nd6
23. Rac1 Nxc4 24. Rxc4 e6 25. Be5 Nxd5 26. Bxg7 Kxg7 27. Rxc5 Ne7 28. Nxe7 Rxe7 29.
Nd4 h6 30. Nxf5+ gxf5 31. Rxf5 exf5 32. Rxe7 Rxa5 33. Re3 Rd5 34. f3 Rd1+ 35. Kf2
Ra1 36. Rb3 h5 37. Kg3 Ra2 38. Rb5 Kg6 39. Ra5 Kg5 40. h4+ Kg6 41. Kh3 f4 42. Ra7
f6 43. Ra6 Ra1 44. Kh2  1/2-1/2

[Event "5. Kaltern-Trophy 2022 Open B"]
[Site "Kaltern"]
[Date "2022.10.22"]
[Round "3"]
[Board "10"]
[White "Galow, Michael"]
[Black "Unterweger, Jonas"]
[Result "0-1"]
[WhiteElo "1746"]
[BlackElo "1565"]
[PlyCount "76"]
[EventDate "2022.10.21"]
[EventRounds "5"]
[EventCountry "ITA"]

1. d4 d5 2. Bf4 e6 3. e3 Nf6 4. Nf3 c5 5. Nbd2 Nbd7 6. c3 b6 7. Bb5 Bb7 8. Ne5 a6
9. Bd3 Be7 10. Qf3 Rc8 11. g4 Nxe5 12. Bxe5 Bd6 13. Rg1 Bxe5 14. dxe5 Nd7 15. Qg3
b5 16. g5 Nb6 17. Bxh7 g6 18. Qh4 Nd7 19. Qh6 Nf8 20. Qg7 Rxh7 21. Qg8 Rxh2 22. O-O-O
Qe7 23. f4 Kd7 24. c4 Kc7 25. cxd5 exd5 26. Rge1 Nd7 27. Qg7 d4 28. exd4 Rhh8 29.
e6 Qf8 30. Qxf7 Qxf7 31. exf7 Rcf8 32. Re7 Rh7 33. dxc5 Rhxf7 34. Re6 Nxc5 35. Rxg6
Rxf4 36. Rh1 Nd3+ 37. Kc2 Nb4+ 38. Kb1 Bxh1  0-1

[Event "5. Kaltern-Trophy 2022 Open B"]
[Site "Kaltern"]
[Date "2022.10.22"]
[Round "3"]
[Board "11"]
[White "Riedelsheimer, Julia"]
[Black "Giusti, Francesco"]
[Result "1-0"]
[WhiteElo "1682"]
[BlackElo "1499"]
[PlyCount "110"]
[EventDate "2022.10.21"]
[EventRounds "5"]
[EventCountry "ITA"]

1. b3 e5 2. Bb2 Nc6 3. e3 d6 4. c4 b6 5. d4 exd4 6. exd4 d5 7. Nf3 Nf6 8. Nc3 Bb4
9. a3 Bxc3+ 10. Bxc3 O-O 11. Be2 Re8 12. O-O Ba6 13. Re1 Ne7 14. Ne5 Ne4 15. Bb2
f6 16. Nf3 Ng6 17. Nd2 Nf4 18. Bf1 f5 19. g3 Ng6 20. Bg2 Bb7 21. Qc2 c6 22. Nf1 Qc7
23. f3 Nd6 24. c5 Nf7 25. Qxf5 bxc5 26. dxc5 Rf8 27. f4 Rae8 28. Qd3 Nh6 29. Re2
Re7 30. Rae1 Rfe8 31. Ne3 Qc8 32. Nxd5 Rxe2 33. Rxe2 Rxe2 34. Qxe2 cxd5 35. b4 Qd7
36. Qd3 Qf5 37. Qc3 Qd7 38. Bh3 Qc7 39. b5 Ba8 40. c6 Kh8 41. Bd7 Qb6+ 42. Kg2 d4
43. Qxd4 Qxd4 44. Bxd4 Ne7 45. Bxa7 Nf7 46. Bc5 Nd5 47. Be6 Nc7 48. Bxf7 Nxb5 49.
Be8 Nc7 50. Bd7 Kg8 51. Kf2 Kf7 52. Bd6 Nb5 53. Bc5 Nc7 54. a4 Kf6 55. Bd6 Na6  1-0

[Event "5. Kaltern-Trophy 2022 Open B"]
[Site "Kaltern"]
[Date "2022.10.22"]
[Round "3"]
[Board "12"]
[White "Sodomaco, Andrea"]
[Black "Florian, Andreas"]
[Result "0-1"]
[WhiteElo "1408"]
[BlackElo "1678"]
[PlyCount "58"]
[EventDate "2022.10.21"]
[EventRounds "5"]
[EventCountry "ITA"]

1. e4 e6 2. d4 d5 3. e5 c5 4. c3 Nc6 5. Nf3 Qb6 6. Bd3 Bd7 7. Bc2 Be7 8. a3 Nh6 9.
b4 cxd4 10. cxd4 Nf5 11. Bxf5 exf5 12. O-O O-O 13. Nc3 Be6 14. Be3 Rac8 15. Qd3 Rfe8
16. Rfd1 Bf8 17. Nh4 Ne7 18. Nb5 Ng6 19. Nf3 a6 20. Nc3 Rc4 21. Rac1 Rec8 22. Ne2
Qd8 23. Nd2 Rxc1 24. Rxc1 Rxc1+ 25. Nxc1 f4 26. Ne2 fxe3 27. fxe3 Bd7 28. e4 Bb5
29. Qf3 dxe4  0-1

[Event "5. Kaltern-Trophy 2022 Open B"]
[Site "Kaltern"]
[Date "2022.10.22"]
[Round "3"]
[Board "13"]
[White "Tomio, Dante"]
[Black "Boaron, Arianna"]
[Result "1-0"]
[WhiteElo "1678"]
[BlackElo "1381"]
[PlyCount "51"]
[EventDate "2022.10.21"]
[EventRounds "5"]
[EventCountry "ITA"]

1. d4 Nf6 2. c4 c5 3. d5 e6 4. dxe6 fxe6 5. g3 d5 6. Bg2 Be7 7. Nf3 O-O 8. O-O Nc6
9. a3 b6 10. cxd5 exd5 11. Qc2 Bb7 12. Rd1 Qc7 13. Ng5 Nd4 14. Rxd4 h6 15. Nf3 Bd6
16. Rd1 Ne4 17. Nc3 Nxg3 18. hxg3 Bxg3 19. Qg6 Bxf2+ 20. Kxf2 d4 21. Nb5 Qe7 22.
Bxh6 Rf6 23. Qxg7+ Qxg7 24. Bxg7 Kxg7 25. Rh1 Ba6 26. Nc7  1-0

[Event "5. Kaltern-Trophy 2022 Open B"]
[Site "Kaltern"]
[Date "2022.10.22"]
[Round "3"]
[Board "14"]
[White "Lehner-Dittenberger, Paul"]
[Black "Tomisich, Claudio"]
[Result "1/2-1/2"]
[WhiteElo "1644"]
[BlackElo "1438"]
[PlyCount "57"]
[EventDate "2022.10.21"]
[EventRounds "5"]
[EventCountry "ITA"]

1. e4 e6 2. d4 d5 3. e5 c5 4. Nf3 Nc6 5. c3 Qb6 6. Qb3 Qxb3 7. axb3 a6 8. Be2 cxd4
9. cxd4 Bb4+ 10. Bd2 Nge7 11. Bc3 Ng6 12. O-O Nf4 13. Bd1 Bd7 14. g3 Ng6 15. Bc2
O-O 16. Nbd2 f5 17. Rfd1 Rac8 18. Ne1 Be7 19. Ndf3 Na7 20. Rac1 Nc6 21. Nd3 b6 22.
b4 f4 23. g4 Nh4 24. Nxh4 Bxh4 25. f3 Be7 26. Ba4 Nxe5 27. Nxe5 Bxa4 28. Re1 Bd6
29. Kf2  1/2-1/2

[Event "5. Kaltern-Trophy 2022 Open B"]
[Site "Kaltern"]
[Date "2022.10.22"]
[Round "3"]
[Board "15"]
[White "Mancin, Michele"]
[Black "Cebanu, Alice"]
[Result "1-0"]
[WhiteElo "1606"]
[BlackElo "1354"]
[PlyCount "67"]
[EventDate "2022.10.21"]
[EventRounds "5"]
[EventCountry "ITA"]

1. e4 c5 2. Nf3 Nc6 3. d4 cxd4 4. Nxd4 Nf6 5. Nc3 e5 6. Ndb5 d6 7. Bg5 a6 8. Na3
b5 9. Bxf6 gxf6 10. Nd5 f5 11. exf5 Bxf5 12. c3 Bg7 13. Nc2 O-O 14. Nce3 Be6 15.
Be2 f5 16. O-O f4 17. Nc2 e4 18. Bg4 Bxg4 19. Qxg4 Ne5 20. Qh5 f3 21. g3 Rb8 22.
Nd4 Qd7 23. Ne3 Qf7 24. Qxf7+ Rxf7 25. Ne6 Nd3 26. Rfd1 Rd7 27. Rd2 Kf7 28. Ng5+
Kg6 29. Nxe4 Re8 30. Rxd3 Rxe4 31. Rad1 Bf8 32. Nd5 a5 33. Nf4+ Kf7 34. Rxf3  1-0

[Event "5. Kaltern-Trophy 2022 Open B"]
[Site "Kaltern"]
[Date "2022.10.22"]
[Round "3"]
[Board "16"]
[White "Gouali, Ameziane"]
[Black "Marinig, Lorenzo"]
[Result "1-0"]
[WhiteElo "1572"]
[BlackElo "1257"]
[PlyCount "90"]
[EventDate "2022.10.21"]
[EventRounds "5"]
[EventCountry "ITA"]

1. e4 d5 2. exd5 Qxd5 3. Nc3 Qa5 4. d4 c6 5. Nf3 Nf6 6. Bd2 Qc7 7. Bc4 Bg4 8. h3
Bh5 9. g4 Bg6 10. Ne5 e6 11. Qe2 Nbd7 12. h4 Bxc2 13. Rc1 b5 14. Nxf7 Nb6 15. Qxe6+
Be7 16. Nxh8 Nxc4 17. Rxc2 Qd6 18. Qxd6 Nxd6 19. f3 O-O-O 20. Ke2 Rxh8 21. Re1 Nd5
22. Nxd5 Bxh4 23. Kf1 Bxe1 24. Kxe1 Re8+ 25. Kf2 Kb7 26. Nb4 Rf8 27. Kg3 Rc8 28.
b3 a5 29. Nd3 b4 30. Bf4 Nb5 31. Nc5+ Kb6 32. Be5 g6 33. Ne4 Rd8 34. Rd2 Kb7 35.
Kh4 Rf8 36. f4 h6 37. Nd6+ Nxd6 38. Bxd6 Re8 39. Be5 Rd8 40. f5 gxf5 41. gxf5 Rd5
42. f6 c5 43. f7 Rd8 44. Rf2 cxd4 45. f8=Q Rd7  1-0

[Event "5. Kaltern-Trophy 2022 Open B"]
[Site "Kaltern"]
[Date "2022.10.22"]
[Round "3"]
[Board "17"]
[White "Straub, Jochen"]
[Black "Gasparro, Antonio"]
[Result "1-0"]
[WhiteElo "1752"]
[BlackElo "1569"]
[PlyCount "67"]
[EventDate "2022.10.21"]
[EventRounds "5"]
[EventCountry "ITA"]

1. f4 d5 2. Nf3 Nf6 3. b3 g6 4. Bb2 Bg7 5. e3 c5 6. Bb5+ Nc6 7. O-O O-O 8. d3 Qb6
9. Bxc6 Qxc6 10. Nbd2 b5 11. Qe1 Bb7 12. Ne5 Qc7 13. Rb1 Rfd8 14. Ndf3 Rac8 15. Qh4
Nd7 16. Ng5 h5 17. Nexf7 Bxb2 18. Nxd8 Bf6 19. Nxb7 Qxb7 20. Qh3 Qc6 21. Nf3 c4 22.
bxc4 dxc4 23. d4 a6 24. Ne5 Bxe5 25. fxe5 Nf8 26. Qh4 Qe6 27. Qe4 Rd8 28. c3 Kg7
29. Rf2 Qd7 30. Rbf1 Qe6 31. Qf4 Re8 32. e4 Nd7 33. d5 Qxe5 34. Qf7+  1-0